Broken Bodies, Places and Objects (Record no. 80998)

MARC details
000 -LEADER
fixed length control field 03070namaa2200481uu 4500
001 - CONTROL NUMBER
control field doab133805
003 - CONTROL NUMBER IDENTIFIER
control field oapen
005 - DATE AND TIME OF LATEST TRANSACTION
control field 20260218110430.0
006 - FIXED-LENGTH DATA ELEMENTS--ADDITIONAL MATERIAL CHARACTERISTICS
fixed length control field m o d
007 - PHYSICAL DESCRIPTION FIXED FIELD--GENERAL INFORMATION
fixed length control field cr|mn|---annan
008 - FIXED-LENGTH DATA ELEMENTS--GENERAL INFORMATION
fixed length control field 240131s2024 xx |||||o ||| 0|eng d
020 ## - INTERNATIONAL STANDARD BOOK NUMBER
International Standard Book Number 9781000986167
020 ## - INTERNATIONAL STANDARD BOOK NUMBER
International Standard Book Number 9781000986211
020 ## - INTERNATIONAL STANDARD BOOK NUMBER
International Standard Book Number 9781003350026
020 ## - INTERNATIONAL STANDARD BOOK NUMBER
International Standard Book Number 9781003350026
020 ## - INTERNATIONAL STANDARD BOOK NUMBER
International Standard Book Number 9781032394992
020 ## - INTERNATIONAL STANDARD BOOK NUMBER
International Standard Book Number 9781032395029
024 7# - OTHER STANDARD IDENTIFIER
Standard number or code 10.4324/9781003350026
Source of number or code doi
040 ## - CATALOGING SOURCE
Original cataloging agency oapen
Transcribing agency oapen
Modifying agency
041 0# - LANGUAGE CODE
Language code of text/sound track or separate title eng
042 ## - AUTHENTICATION CODE
Authentication code dc
245 00 - TITLE STATEMENT
Title Broken Bodies, Places and Objects
Remainder of title New Perspectives on Fragmentation in Archaeology
260 ## - PUBLICATION, DISTRIBUTION, ETC.
Place of publication, distribution, etc. Oxford
Name of publisher, distributor, etc. Taylor & Francis
Date of publication, distribution, etc. 2024
300 ## - PHYSICAL DESCRIPTION
Extent 1 online resource (338 p.)
336 ## - CONTENT TYPE
Content type term text
Content type code txt
Source rdacontent
337 ## - MEDIA TYPE
Media type term computer
Media type code c
Source rdamedia
338 ## - CARRIER TYPE
Carrier type term online resource
Carrier type code cr
Source rdacarrier
506 0# - RESTRICTIONS ON ACCESS NOTE
Standardized terminology for access restriction Unrestricted online access
Source of term star
520 ## - SUMMARY, ETC.
Summary, etc. Broken Bodies, Places and Objects demonstrates the breadth of fragmentation and fragment use in prehistory and history and provides an up-to-date insight into current archaeological thinking around the topic. A seal broken and shared by two trade parties, dog jaws accompanying the dead in Mesolithic burials, fragments of ancient warships commodified as souvenirs, parts of an ancient dynastic throne split up between different colonial collections... Pieces of the past are everywhere around us. Fragments have a special potential precisely because of their incomplete format - as a new matter that can reference its original whole but can also live on with new, unrelated meanings. Deliberate breakage of bodies, places and objects for the use of fragments has been attested from all time periods in the past. It has now been over 20 years since John Chapman's major publication introducing fragmentation studies, and the topic is more present than ever in archaeology. This volume offers the first European-wide review of the concept of fragmentation, collecting case studies from the Neolithic to Modernity and extending the ideas of fragmentation theory in new directions. The book is written for scholars and students in archaeology, but it is also relevant for neighbouring fields with an interest in material culture, such as anthropology, history, cultural heritage studies, museology, art and architecture.
540 ## - TERMS GOVERNING USE AND REPRODUCTION NOTE
Terms governing use and reproduction Creative Commons
-- https://creativecommons.org/licenses/by-nc-nd/4.0/
-- cc
Uniform Resource Identifier <a href="https://creativecommons.org/licenses/by-nc-nd/4.0/">https://creativecommons.org/licenses/by-nc-nd/4.0/</a>
546 ## - LANGUAGE NOTE
Language note English
650 #7 - SUBJECT ADDED ENTRY--TOPICAL TERM
Topical term or geographic name entry element Archaeological theory
Source of heading or term bicssc
650 #7 - SUBJECT ADDED ENTRY--TOPICAL TERM
Topical term or geographic name entry element Archaeology by period / region
Source of heading or term bicssc
720 1# - ADDED ENTRY--UNCONTROLLED NAME
Name Sörman, Anna
Relator code edt
720 1# - ADDED ENTRY--UNCONTROLLED NAME
Name Fjellström, Markus
Relator code edt
720 1# - ADDED ENTRY--UNCONTROLLED NAME
Name Fjellström, Markus
Relator code oth
720 1# - ADDED ENTRY--UNCONTROLLED NAME
Name Noterman, Astrid A.
Relator code edt
720 1# - ADDED ENTRY--UNCONTROLLED NAME
Name Noterman, Astrid A.
Relator code oth
720 1# - ADDED ENTRY--UNCONTROLLED NAME
Name Sörman, Anna
Relator code oth
793 0# -
-- DOAB Library.
856 ## - ELECTRONIC LOCATION AND ACCESS
Uniform Resource Identifier <a href="https://docs.google.com/spreadsheets/d/1yKIrdCPDAG_9c22mwoOIO2DOhtj65Wqa/edit?usp=sharing&ouid=106555315294820607512&rtpof=true&sd=true ">https://docs.google.com/spreadsheets/d/1yKIrdCPDAG_9c22mwoOIO2DOhtj65Wqa/edit?usp=sharing&ouid=106555315294820607512&rtpof=true&sd=true </a>
Link text List of Curated E-Books
942 ## - ADDED ENTRY ELEMENTS (KOHA)
Koha item type E-Book
Holdings
Withdrawn status Damaged status Not for loan Home library Current library Date acquired Total Checkouts Date last seen Price effective from Koha item type
      Directory of Open Access Books Directory of Open Access Books 12/09/2024   12/09/2024 12/09/2024 E-Book

University of Rizal System
Email us at univlibservices@urs.edu.ph

Visit our Website www.urs.edu.ph/library